Ubuntu Linux 11.04. Русская версия

Bibliografiske detaljer
Hovedforfatter: Комягин В. Б. Валерий Борисович
Summary:В монографии обобщены и систематизированы результаты экспериментальных и теоретических исследований, связанных с условиями образования загрязняющих веществ при сжигании различных видов топлива в котельных и печных агрегатах предприятий железнодорожного транспорта и переработки нефти. Проанализированы и предложены для внедрения наиболее эффективные малоотходные технологии и устройства, сокращающие выбросы вредных веществ из трубчатых печей и котлов, включая авторские инновационные разработки, защищенные патентами на изобретения. Показана эколого-экономическая эффективность применяемых малоотходных технологий сжигания топлива в трубчатых печах и новых устройств для приготовления и сжигания водомазутных эмульсий в котлах, снижающих вредные выбросы в атмосферу. Книга адресована инженерно-техническим и научным работникам, специалистам, занимающимся решением задач снижения вредных выбросов в атмосферу, также может быть полезна преподавателям, аспирантам и студентам различных вузов, изучающим экологические вопросы охраны атмосферного воздуха от загрязнения при сжигании топлива.
Sprog:russisk
Udgivet: Москва, Триумф, 2012
Serier:Официальный дистрибутив + учебный курс
Fag:
Format: MixedMaterials
KOHA link:https://koha.lib.tpu.ru/cgi-bin/koha/opac-detail.pl?biblionumber=211943

MARC

LEADER 00000nmm0a2200000 4500
001 211943
005 20231101225722.0
010 |a 9785893925104 
035 |a (RuTPU)RU\TPU\book\231559 
090 |a 211943 
100 |a 20120321d2012 m y0rusy50 ca 
101 0 |a rus 
102 |a RU 
105 |a a j 000zy 
200 1 |a Ubuntu Linux 11.04. Русская версия  |f В. Б. Комягин 
210 |a Москва  |c Триумф  |d 2012 
215 |a 207 с.  |c ил.  |e DVD 
225 1 |a Официальный дистрибутив + учебный курс 
330 |a В монографии обобщены и систематизированы результаты экспериментальных и теоретических исследований, связанных с условиями образования загрязняющих веществ при сжигании различных видов топлива в котельных и печных агрегатах предприятий железнодорожного транспорта и переработки нефти. Проанализированы и предложены для внедрения наиболее эффективные малоотходные технологии и устройства, сокращающие выбросы вредных веществ из трубчатых печей и котлов, включая авторские инновационные разработки, защищенные патентами на изобретения. Показана эколого-экономическая эффективность применяемых малоотходных технологий сжигания топлива в трубчатых печах и новых устройств для приготовления и сжигания водомазутных эмульсий в котлах, снижающих вредные выбросы в атмосферу. Книга адресована инженерно-техническим и научным работникам, специалистам, занимающимся решением задач снижения вредных выбросов в атмосферу, также может быть полезна преподавателям, аспирантам и студентам различных вузов, изучающим экологические вопросы охраны атмосферного воздуха от загрязнения при сжигании топлива. 
606 1 |a Система Linux  |2 stltpush  |3 (RuTPU)RU\TPU\subj\54952  |9 73025 
610 1 |a операционные системы 
610 1 |a Ubuntu 
610 1 |a установка 
610 1 |a запуск 
610 1 |a интерфейсы 
610 1 |a локальные сети 
610 1 |a Интернет 
610 1 |a модем 
610 1 |a учебные пособия 
610 1 |a DVD 
675 |a 004.451(07)  |v 4 
700 1 |a Комягин  |b В. Б.  |g Валерий Борисович 
801 1 |a RU  |b 63413507  |c 20120321 
801 2 |a RU  |b 63413507  |c 20221213  |g RCR 
942 |c MX 
959 |a 44/20120321  |d 1  |e 229,00  |f ЧЗТЛ:1